000 00373nam a22001337a 4500
082 _a297
_bMAR
_cM
100 _aMari, Allama Kamal ud din al dam
_951104
245 _aحیات الحیوان
260 _aLahore,
_bAl mizan,
_c2008.
300 _a720p.779p.
526 _a0
_b0
_c0
_d297_000000000000000_MAR
526 _a0
_b0
_c0
_d297_000000000000000_MAR
942 _2ddc
_cBK
999 _c553855
_d553855